Dospívajícím dívkám

Hlavní autor: Stoppard, Miriam, 1937-
Jazyk: Čeština
Vydáno: Martin : Neografia, 1993
Témata:
Externí odkaz: Digitalizovaný dokument
Fyzický popis: 161 s. : obr., fotogr.
Knihy
Uloženo v:
LEADER 01134nam a2200325 a 4500
001 000002609
003 CZ BrMZK
005 20230608203509.0
007 ta
008 940419s1993 xo f cze d
020 |a 80-85186-55-1 
040 |a BOA001  |b cze 
080 |a 613.2  |2 MRF 
080 |a 613.88  |2 MRF 
080 |a 646.7  |2 MRF 
100 1 |a Stoppard, Miriam,  |d 1937-  |7 jn20001103541 
245 1 0 |a Dospívajícím dívkám 
260 |a Martin :  |b Neografia,  |c 1993 
300 |a 161 s. :  |b obr., fotogr. 
653 0 |a kosmetika  |a sexuální výchova  |a správná výživa 
765 0 |t Everygirl´s Lifeguide 
856 4 1 |u http://www.digitalniknihovna.cz/mzk/uuid/uuid:08fb0170-3ab7-11e2-b19a-005056827e52  |y Digitalizovaný dokument  |x NDK 
910 |a BOA001  |b 2-0998.061  |b PK-0119.938 
920 |a 000039657 
964 |a Výživa správná 
964 |a Kosmetika 
964 |a Výchova sexuální 
990 |a BK 
996 7 |b 2610007657  |c 2-0998.061  |l MZK  |r Sklad / do 1 hodiny  |n 7  |p kup  |w 000002609  |u 000010  |a 1  |e BOA001  |j MZK50  |s A 
996 7 |b 3119990987  |c PK-0119.938  |l MZK  |r Sklad / do 1 hodiny  |n 4  |w 000002609  |u 000020  |a 1  |e BOA001  |j MZK50  |s A